[Event "Cappelle op 40th"]
[Site "Cappelle la Grande"]
[Date "2024.03.08"]
[Round "9"]
[White "Agdelen, Huseyin Can"]
[Black "Degraeve, Jean Marc"]
[Result "1/2-1/2"]
[WhiteElo "2408"]
[BlackElo "2455"]
[PlyCount "89"]
[EventDate "2024.03.02"]
[EventType "swiss"]
[EventRounds "9"]
[EventCountry "FRA"]
[SourceTitle "CB11_2024"]
[SourceDate "2024.03.13"]
[SourceVersion "1"]
[SourceVersionDate "2024.03.13"]
[SourceQuality "1"]

1. e4 c5 2. Nf3 Nc6 3. d4 cxd4 4. Nxd4 e5 5. Nb5 d6 6. c4 Be7 7. Bd3 a6 8. N5c3 Bg5 9. Nd2 Nf6 10. h3 0-0 11. b3 Nd7 12. Bb2 Nc5 13. Nf3 Bh6 14. 0-0 g6 15. Bc2 Ne6 16. Nd5 Ned4 17. Nxd4 Nxd4 18. f4 Be6 19. Bxd4 exd4 20. Nb4 a5 21. Nd3 Bd7 22. Qd2 Re8 23. Rae1 Qh4 24. Nc1 g5 25. fxg5 Bxg5 26. Qxd4 Bxh3 27. Qxd6 Bg4 28. Bd1 Bxd1 29. Qxd1 Bf4 30. Rxf4 Qxf4 31. Nd3 Qd6 32. Qf3 Rad8 33. Nf4 Qd4+ 34. Kh1 Rd6 35. Nh5 Rh6 36. Rf1 Rf8 37. Qf5 Kh8 38. g4 Qd3 39. Kg2 Rg6 40. Nf4 Qd2+ 41. Rf2 Qd1 42. Nxg6+ hxg6 43. Qf3 Qd7 44. Kg3 Kg8 45. Qf6 1/2-1/2

[Event "Wch Seniors 50 31st"]
[Site "Terassini"]
[Date "2023.11.03"]
[Round "9"]
[White "Degraeve, Jean Marc"]
[Black "Vlassov, Nikolai"]
[Result "1-0"]
[WhiteElo "2479"]
[BlackElo "2283"]
[PlyCount "81"]
[EventDate "2023.10.25"]
[EventType "swiss"]
[EventRounds "11"]
[EventCountry "ITA"]
[SourceTitle "Mega2024 Update 01"]
[Source "Chessbase"]
[SourceDate "2023.11.12"]
[SourceVersion "1"]
[SourceVersionDate "2023.11.12"]
[SourceQuality "1"]

1. e4 c5 2. Nc3 d6 3. Bc4 Nf6 4. d3 Nc6 5. Nf3 g6 6. h3 Bg7 7. Bf4 e5 8. Bg5 h6 9. Bxf6 Bxf6 10. Nd5 Be6 11. h4 h5 12. Qd2 Rb8 13. a4 Kf8 14. Ng5 Bxg5 15. hxg5 Bxd5 16. Bxd5 Kg7 17. f4 f6 18. 0-0 Rf8 19. f5 fxg5 20. fxg6 Rf4 21. g3 Rf6 22. Rxf6 Qxf6 23. Rf1 Qxg6 24. Rf7+ Kh8 25. Qf2 g4 26. c3 Qg5 27. Rf5 Qh6 28. Bf7 Qc1+ 29. Kg2 Ne7 30. Rxh5+ Kg7 31. Rh4 Qd1 32. Be6 Qf3+ 33. Qxf3 gxf3+ 34. Kxf3 b5 35. axb5 Rxb5 36. Rh2 Kf6 37. Bc4 Ra5 38. Rh6+ Ng6 39. Rh7 Ra1 40. Kg4 Rb1 41. Rf7# 1-0

[Event "Wch Seniors 50 31st"]
[Site "Terassini"]
[Date "2023.11.02"]
[Round "8"]
[White "Godena, Michele"]
[Black "Degraeve, Jean Marc"]
[Result "1/2-1/2"]
[WhiteElo "2441"]
[BlackElo "2479"]
[PlyCount "49"]
[EventDate "2023.10.25"]
[EventType "swiss"]
[EventRounds "11"]
[EventCountry "ITA"]
[SourceTitle "Mega2024 Update 01"]
[Source "Chessbase"]
[SourceDate "2023.11.12"]
[SourceVersion "1"]
[SourceVersionDate "2023.11.12"]
[SourceQuality "1"]

1. e4 c5 2. c3 Nf6 3. e5 Nd5 4. Nf3 e6 5. Bc4 d6 6. d4 cxd4 7. cxd4 Be7 8. 0-0 0-0 9. Qe2 Nc6 10. Rd1 Na5 11. Bd3 Nb4 12. exd6 Qxd6 13. Nc3 Nxd3 14. Qxd3 Nc6 15. d5 Nb4 16. Qe4 f5 17. Qe2 Nxd5 18. Nxd5 exd5 19. Bf4 Qxf4 20. Qxe7 Qe4 21. Re1 Qxe7 22. Rxe7 Rf7 23. Re8+ Rf8 24. Re7 Rf7 25. Re8+ 1/2-1/2

[Event "EU-Cup 38th"]
[Site "Durres"]
[Date "2023.10.03"]
[Round "3.6"]
[White "Ozen, Deniz"]
[Black "Degraeve, Jean Marc"]
[Result "1/2-1/2"]
[WhiteElo "2382"]
[BlackElo "2479"]
[PlyCount "105"]
[EventDate "2023.10.01"]
[EventType "team-swiss"]
[EventRounds "7"]
[EventCountry "ALB"]
[SourceTitle "EXT 2024"]
[Source "ChessBase"]
[SourceDate "2023.10.10"]
[SourceVersion "1"]
[SourceVersionDate "2023.10.10"]
[SourceQuality "1"]
[WhiteTeam "Gokturk"]
[BlackTeam "Asnieres"]
[WhiteTeamCountry "TUR"]
[BlackTeamCountry "FRA"]

1. e4 c5 2. Nf3 g6 3. c3 Bg7 4. Bc4 e6 5. d4 cxd4 6. cxd4 d5 7. exd5 exd5 8. Bb5+ Bd7 9. Bxd7+ Qxd7 10. Ne5 Qd6 11. 0-0 Ne7 12. Re1 0-0 13. Nc3 Nbc6 14. Bf4 Qb4 15. Rb1 Qxd4 16. Nxc6 Nxc6 17. Qxd4 Nxd4 18. Nxd5 Rfd8 19. Nc3 Ne6 20. Be5 Bxe5 21. Rxe5 Rd2 22. Rd5 Rc2 23. Nd1 Rac8 24. Ne3 Rc1+ 25. Rxc1 Rxc1+ 26. Rd1 Rxd1+ 27. Nxd1 Kg7 28. Kf1 Kf6 29. Ke2 Nf4+ 30. Kf3 Ke5 31. g3 Nd5 32. Ke2 Kd4 33. Kd2 b5 34. Ke2 h5 35. f4 h4 36. Nf2 hxg3 37. hxg3 Ne3 38. Nd3 Nc4 39. b3 Nd6 40. Ne5 Kc3 41. Nc6 Kb2 42. Nxa7 Kxa2 43. b4 Kb3 44. Nc6 Kc4 45. g4 Kd5 46. Ne5 Ke4 47. Nd3 Nc4 48. g5 Kd4 49. Nc5 Kc3 50. Nd3 Kd4 51. Nc5 Nb2 52. Nb7 Nc4 53. Nc5 1/2-1/2

[Event "EU-Cup 38th"]
[Site "Durres"]
[Date "2023.10.02"]
[Round "2.5"]
[White "Garcia Molina, Jose"]
[Black "Degraeve, Jean Marc"]
[Result "0-1"]
[WhiteElo "2216"]
[BlackElo "2479"]
[PlyCount "110"]
[EventDate "2023.10.01"]
[EventType "team-swiss"]
[EventRounds "7"]
[EventCountry "ALB"]
[SourceTitle "EXT 2024"]
[Source "ChessBase"]
[SourceDate "2023.10.10"]
[SourceVersion "1"]
[SourceVersionDate "2023.10.10"]
[SourceQuality "1"]
[WhiteTeam "Silla"]
[BlackTeam "Asnieres"]
[WhiteTeamCountry "ESP"]
[BlackTeamCountry "FRA"]

1. d4 g6 2. c4 Bg7 3. Nf3 c5 4. d5 d6 5. g3 b5 6. cxb5 a6 7. bxa6 Nf6 8. Nc3 0-0 9. Bg2 Nbd7 10. 0-0 Nb6 11. Re1 Bxa6 12. h3 Ra7 13. a4 Qa8 14. e4 Nfd7 15. Qc2 Nc4 16. b3 Nce5 17. Bg5 Nxf3+ 18. Bxf3 Rb8 19. Rab1 Rab7 20. Be2 Bxe2 21. Rxe2 Bxc3 22. Qxc3 f6 23. Bd2 Qa6 24. Ree1 Ne5 25. Re3 Nc4 26. Qd3 Rb6 27. Re2 Nxd2 28. Rxd2 c4 29. Qe2 cxb3 30. Qxa6 Rxa6 31. Rdb2 Rxa4 32. f3 Rab4 33. Kf1 f5 34. exf5 gxf5 35. f4 Kf7 36. Ke2 R8b5 37. Kf3 h5 38. Rd1 h4 39. gxh4 Rc5 40. Rd3 Rcc4 41. Rbxb3 Rxf4+ 42. Kg3 Rxh4 43. Rxb4 Rxb4 44. Kf3 Kf6 45. Kg3 Ke5 46. Re3+ Re4 47. Rd3 Rd4 48. Rxd4 Kxd4 49. Kf4 Kxd5 50. Kxf5 e5 51. h4 e4 52. Kf4 Kd4 53. h5 e3 54. h6 e2 55. h7 e1Q 0-1

[Event "FRA-ch 50+"]
[Site "L'Alpe d'Huez"]
[Date "2023.08.24"]
[Round "6"]
[White "Bruneau, Laurent"]
[Black "Degraeve, Jean Marc"]
[Result "1/2-1/2"]
[WhiteElo "2172"]
[BlackElo "2487"]
[PlyCount "68"]
[EventDate "2023.08.19"]
[EventType "swiss"]
[EventRounds "9"]
[EventCountry "FRA"]
[SourceTitle "EXT 2024"]
[Source "ChessBase"]
[SourceDate "2023.10.10"]
[SourceVersion "1"]
[SourceVersionDate "2023.10.10"]
[SourceQuality "1"]

1. d4 Nf6 2. Nf3 g6 3. e3 Bg7 4. Be2 0-0 5. 0-0 d6 6. b3 e5 7. dxe5 dxe5 8. Ba3 e4 9. Bxf8 Qxf8 10. Nfd2 Nc6 11. c3 Qe7 12. a4 Bf5 13. Nc4 h5 14. Ra2 Ng4 15. h3 Nge5 16. Nxe5 Nxe5 17. Rd2 Qg5 18. Kh1 Qh4 19. f4 Ng4 20. Bxg4 hxg4 21. Qe1 Qxe1 22. Rxe1 gxh3 23. c4 hxg2+ 24. Kxg2 Bf8 25. Nc3 Bb4 26. Rc1 Kg7 27. Kg3 c6 28. Rh2 a5 29. Kf2 Bc5 30. Rd1 Bg4 31. Ne2 Ra6 32. Rb1 Ra8 33. Rd1 Ra6 34. Rb1 Ra8 1/2-1/2

[Event "FRA-ch 50+"]
[Site "L'Alpe d'Huez"]
[Date "2023.08.22"]
[Round "4"]
[White "Quillien, Emmanuel"]
[Black "Degraeve, Jean Marc"]
[Result "0-1"]
[WhiteElo "2096"]
[BlackElo "2487"]
[PlyCount "74"]
[EventDate "2023.08.19"]
[EventType "swiss"]
[EventRounds "9"]
[EventCountry "FRA"]
[SourceTitle "EXT 2024"]
[Source "ChessBase"]
[SourceDate "2023.10.10"]
[SourceVersion "1"]
[SourceVersionDate "2023.10.10"]
[SourceQuality "1"]

1. c4 e5 2. e3 g6 3. Nc3 Bg7 4. Nf3 f5 5. d4 e4 6. Ng1 d6 7. Nge2 c5 8. dxc5 dxc5 9. Qxd8+ Kxd8 10. Bd2 Nf6 11. 0-0-0 Nc6 12. Nf4 Ke7 13. Ncd5+ Kf7 14. Bc3 Ne8 15. Be2 Bxc3 16. Nxc3 Nf6 17. Ncd5 Rd8 18. Nxf6 Kxf6 19. Rxd8 Nxd8 20. Rd1 Be6 21. h4 Ke7 22. Kc2 Nc6 23. Kc3 Rd8 24. Rxd8 Nxd8 25. Nxe6 Nxe6 26. f4 exf3 27. Bxf3 b6 28. g3 Kd6 29. Kd3 Ke5 30. Bd5 Ng7 31. Bf3 Ne8 32. Bc6 Nf6 33. Ke2 Ne4 34. Bxe4 Kxe4 35. b3 a5 36. Kf2 a4 37. Ke2 a3 0-1

[Event "Marseille Estival 1st"]
[Site "Marseille"]
[Date "2023.08.03"]
[Round "6"]
[White "Degraeve, Jean Marc"]
[Black "Dudognon, Thibault"]
[Result "0-1"]
[WhiteElo "2487"]
[BlackElo "2303"]
[PlyCount "78"]
[EventDate "2023.07.31"]
[EventType "swiss"]
[EventRounds "9"]
[EventCountry "FRA"]
[SourceTitle "CBM 215 Extra"]
[Source "ChessBase"]
[SourceDate "2023.09.30"]
[SourceVersion "1"]
[SourceVersionDate "2023.09.30"]
[SourceQuality "1"]

1. e4 c5 2. Nf3 d6 3. Bc4 Nf6 4. d3 Nc6 5. 0-0 g6 6. c3 Bg7 7. Bb3 0-0 8. Re1 b5 9. h3 a5 10. a4 b4 11. Bg5 Ba6 12. d4 c4 13. e5 dxe5 14. dxe5 cxb3 15. exf6 Qxd1 16. Rxd1 exf6 17. Be3 Be2 18. Rd6 Bxf3 19. gxf3 Ne5 20. Nd2 bxc3 21. bxc3 Rfc8 22. Kg2 Rab8 23. Rb1 b2 24. Rd5 Rxc3 25. Rxa5 Nd3 26. Ne4 Rcb3 27. Nd2 R3b4 28. Ra7 f5 29. a5 Bc3 30. Rd7 Ne5 31. Rc7 Bd4 32. a6 Bxe3 33. fxe3 Rd8 34. Rc2 Nd3 35. Kf1 Ra4 36. Ke2 Rxa6 37. Rc3 Nc1+ 38. Kd1 Ra1 39. Kc2 Na2 0-1

[Event "Saint Affrique op 29th"]
[Site "Saint Affrique"]
[Date "2023.07.24"]
[Round "3"]
[White "Degraeve, Jean Marc"]
[Black "Llopis de Aysa, Manuel"]
[Result "1-0"]
[WhiteElo "2466"]
[BlackElo "2017"]
[PlyCount "39"]
[EventDate "2023.07.22"]
[EventType "swiss"]
[EventRounds "9"]
[EventCountry "FRA"]
[SourceTitle "CBM 215 Extra"]
[Source "ChessBase"]
[SourceDate "2023.09.30"]
[SourceVersion "1"]
[SourceVersionDate "2023.09.30"]
[SourceQuality "1"]

1. e4 g6 2. d4 Bg7 3. Nc3 c6 4. Nf3 d5 5. h3 Nf6 6. e5 Ne4 7. Nxe4 dxe4 8. Ng5 c5 9. c3 Nc6 10. e6 Bxe6 11. Nxe6 fxe6 12. dxc5 Qxd1+ 13. Kxd1 0-0-0+ 14. Kc2 Ne5 15. Be3 Rd5 16. Be2 Rhd8 17. Rad1 Kc7 18. Rd4 Nd3 19. Rxe4 Nxc5 20. Rc4 1-0

[Event "Vaujany op 14th"]
[Site "Vaujany"]
[Date "2023.07.16"]
[Round "4"]
[White "Degraeve, Jean Marc"]
[Black "Vallee, Louis"]
[Result "1-0"]
[WhiteElo "2466"]
[BlackElo "2161"]
[PlyCount "67"]
[EventDate "2023.07.13"]
[EventType "swiss"]
[EventRounds "9"]
[EventCountry "FRA"]
[SourceTitle "CBM 215 Extra"]
[Source "ChessBase"]
[SourceDate "2023.09.30"]
[SourceVersion "1"]
[SourceVersionDate "2023.09.30"]
[SourceQuality "1"]

1. e4 c5 2. c3 Nf6 3. e5 Nd5 4. Nf3 g6 5. d4 cxd4 6. Qxd4 Nc7 7. Qh4 h6 8. Na3 Bg7 9. Qg3 Nc6 10. Nc4 Ne6 11. a4 Qc7 12. Be2 b6 13. 0-0 0-0 14. Re1 Ba6 15. Qh4 g5 16. Qe4 Nc5 17. Qc2 g4 18. Nd4 Nxe5 19. Nxe5 Qxe5 20. Bxh6 Bxh6 21. Bxa6 Qh5 22. Be2 f5 23. b4 Ne4 24. Bc4+ e6 25. Nxf5 Qxf5 26. Qxe4 Qxf2+ 27. Kh1 Qh4 28. Rad1 Bf4 29. g3 Bxg3 30. Re2 Kh8 31. Rg2 Bf4 32. Rxd7 g3 33. Bd3 Kg8 34. Qg6+ 1-0

[Event "FRA-chT Top 16 GpB"]
[Site "Chartres"]
[Date "2023.06.02"]
[Round "2.4"]
[White "Degraeve, Jean Marc"]
[Black "Rottenwohrer Suarez, Juan"]
[Result "1-0"]
[WhiteElo "2458"]
[BlackElo "2265"]
[PlyCount "145"]
[EventDate "2023.06.01"]
[EventType "team-tourn"]
[EventRounds "7"]
[EventCountry "FRA"]
[SourceTitle "CBM 214 Extra"]
[Source "ChessBase"]
[SourceDate "2023.07.31"]
[SourceVersion "1"]
[SourceVersionDate "2023.07.31"]
[SourceQuality "1"]
[WhiteTeam "Asnieres"]
[BlackTeam "Marseille"]
[WhiteTeamCountry "FRA"]
[BlackTeamCountry "FRA"]

1. e4 c5 2. Nf3 g6 3. c3 d5 4. e5 Bg4 5. d4 Nc6 6. Bb5 Qb6 7. Bxc6+ Qxc6 8. 0-0 Nh6 9. Nbd2 cxd4 10. cxd4 Bg7 11. Re1 0-0 12. h3 Bf5 13. Nf1 f6 14. Bf4 Qc2 15. Qxc2 Bxc2 16. Ne3 Be4 17. Nd2 Nf5 18. Nxe4 dxe4 19. Nxf5 gxf5 20. e6 Rfd8 21. Red1 Rd5 22. Rac1 Bf8 23. Rc7 b6 24. Kf1 Rad8 25. Rxa7 Rxd4 26. Rxd4 Rxd4 27. Rb7 Ra4 28. a3 Ra6 29. Be3 b5 30. Rxb5 Rxe6 31. Rxf5 Rd6 32. Ke2 e5 33. g4 Rc6 34. Kd2 Be7 35. g5 Kg7 36. gxf6+ Bxf6 37. Bg5 Bxg5+ 38. Rxg5+ Kf6 39. Rg3 Rd6+ 40. Kc2 Ke6 41. b4 Kd5 42. Kd2 Rf6 43. Ke2 Kd4 44. b5 Kc4 45. Rg5 Kxb5 46. Rxe5+ Ka4 47. Rxe4+ Kxa3 48. f4 Kb3 49. Kf3 Kc3 50. h4 Kd3 51. h5 Rf7 52. Re6 Kd4 53. Rd6+ Kc5 54. Rd2 Rg7 55. Ke4 Kc6 56. Ke5 Rg1 57. f5 Re1+ 58. Kf6 Rf1 59. Ke6 Re1+ 60. Kf7 Rh1 61. f6 Rxh5 62. Kg7 Rg5+ 63. Kxh7 Rg1 64. f7 Rh1+ 65. Kg7 Rg1+ 66. Kf8 Kc7 67. Rd4 Rg2 68. Ke7 Re2+ 69. Kf6 Rf2+ 70. Ke6 Rf1 71. Rd5 Re1+ 72. Re5 Rf1 73. Ke7 1-0

[Event "FRA-chT Top 16 GpB"]
[Site "Chartres"]
[Date "2023.06.01"]
[Round "1.2"]
[White "Monpeurt, Cyrielle"]
[Black "Degraeve, Jean Marc"]
[Result "0-1"]
[WhiteElo "2131"]
[BlackElo "2458"]
[PlyCount "66"]
[EventDate "2023.06.01"]
[EventType "team-tourn"]
[EventRounds "7"]
[EventCountry "FRA"]
[SourceTitle "CBM 214 Extra"]
[Source "ChessBase"]
[SourceDate "2023.07.31"]
[SourceVersion "1"]
[SourceVersionDate "2023.07.31"]
[SourceQuality "1"]
[WhiteTeam "St Quentin"]
[BlackTeam "Asnieres"]
[WhiteTeamCountry "FRA"]
[BlackTeamCountry "FRA"]

1. e4 c5 2. Ne2 Nc6 3. Nbc3 g6 4. d4 cxd4 5. Nxd4 Bg7 6. Be3 Nf6 7. Nxc6 bxc6 8. e5 Ng8 9. Bd4 Qa5 10. f4 Rb8 11. Qd2 Rxb2 12. Bc4 Rb7 13. 0-0 Nh6 14. f5 Nxf5 15. Bxf7+ Kd8 16. Rxf5 gxf5 17. Re1 Rb4 18. Ne2 Bh6 19. Qc3 Ra4 20. Qa1 e6 21. Rd1 Ba6 22. Nc1 Bc4 23. Qb2 Ke7 24. Bh5 Bd5 25. Nb3 Bxb3 26. axb3 Rxd4 27. Qxd4 Qb6 28. Qxb6 axb6 29. Kf2 Bf4 30. Re1 Bxh2 31. Re3 Rg8 32. Bf3 Bg3+ 33. Ke2 Bf4 0-1

[Event "Allauch op 4th"]
[Site "Allauch"]
[Date "2022.08.25"]
[Round "6"]
[White "Degraeve, Jean Marc"]
[Black "Degraeve, Remy"]
[Result "1/2-1/2"]
[WhiteElo "2508"]
[BlackElo "2419"]
[PlyCount "81"]
[EventDate "2022.08.22"]
[EventType "swiss"]
[EventRounds "9"]
[EventCountry "FRA"]
[SourceTitle "CBM 210 Extra"]
[Source "ChessBase"]
[SourceDate "2022.11.30"]
[SourceVersion "1"]
[SourceVersionDate "2022.11.30"]
[SourceQuality "1"]

1. e4 e5 2. Nf3 Nc6 3. Nc3 Nf6 4. Bb5 Nd4 5. Nxd4 exd4 6. e5 dxc3 7. exf6 Qxf6 8. dxc3 Bc5 9. Qe2+ Qe6 10. Bc4 Qxe2+ 11. Kxe2 0-0 12. Re1 Re8+ 13. Kf1 Rxe1+ 14. Kxe1 d6 15. Kf1 Be6 16. Bxe6 fxe6 17. Ke2 Rf8 18. Be3 Rf5 19. Bxc5 Rxc5 20. a4 a5 21. Kd3 Kf7 22. c4 Kf6 23. Re1 g5 24. Re4 h5 25. f3 Rf5 26. h4 gxh4 27. Rxh4 Kg5 28. Re4 e5 29. Ke3 Rf7 30. c5 Rg7 31. cxd6 cxd6 32. c4 Kf5 33. Kf2 Rc7 34. Ke3 Rc6 35. Kd3 Kg5 36. Kd2 Rc7 37. Ke3 Rc6 38. Kd3 Rc7 39. Ke3 Rc6 40. Kd3 Rc7 41. Ke3 1/2-1/2

[Event "Allauch op 4th"]
[Site "Allauch"]
[Date "2022.08.23"]
[Round "2"]
[White "Avanesyan, David"]
[Black "Degraeve, Jean Marc"]
[Result "0-1"]
[WhiteElo "2040"]
[BlackElo "2508"]
[PlyCount "122"]
[EventDate "2022.08.22"]
[EventType "swiss"]
[EventRounds "9"]
[EventCountry "FRA"]
[SourceTitle "CBM 210 Extra"]
[Source "ChessBase"]
[SourceDate "2022.11.30"]
[SourceVersion "1"]
[SourceVersionDate "2022.11.30"]
[SourceQuality "1"]

1. e4 Nf6 2. e5 Nd5 3. Nc3 Nxc3 4. bxc3 d6 5. f4 c5 6. d4 e6 7. Nf3 Nc6 8. Bd3 cxd4 9. cxd4 dxe5 10. fxe5 Bb4+ 11. Bd2 Nxd4 12. Bxb4 Nxf3+ 13. Qxf3 Qh4+ 14. Ke2 Qxb4 15. Rhf1 0-0 16. Qh5 g6 17. Qg5 Bd7 18. Rab1 Qc5 19. Qf4 Bc6 20. Rf2 Rad8 21. Kf1 Rd4 22. Qf6 Be4 23. Bxe4 Rxe4 24. Rxb7 Rxe5 25. g3 Qd5 26. Qf3 Qc4+ 27. Kg1 Rf5 28. Qe3 Rd8 29. Rxf5 exf5 30. Rd7 Rb8 31. Qd3 Rb1+ 32. Kg2 Qxd3 33. Rxd3 Rb2 34. Ra3 Rxc2+ 35. Kg1 Rc7 36. Kg2 Kg7 37. Ra6 g5 38. h4 g4 39. Kf2 f6 40. Ke3 h5 41. Kf2 Kg6 42. Ra5 Rc4 43. Rxa7 f4 44. gxf4 Rxf4+ 45. Kg3 Rf3+ 46. Kg2 Rh3 47. a4 Rxh4 48. a5 Rh3 49. Ra8 Ra3 50. a6 h4 51. a7 Ra2+ 52. Kf1 Kf5 53. Rh8 Rxa7 54. Rxh4 Kf4 55. Rh6 f5 56. Rb6 g3 57. Rb4+ Kf3 58. Rb3+ Kg4 59. Rb4+ f4 60. Ke2 Ra2+ 61. Kf1 Kh3 0-1

[Event "FRA-ch Accession"]
[Site "Albi"]
[Date "2022.08.18"]
[Round "6"]
[White "Degraeve, Jean Marc"]
[Black "Mathieu, Phileas"]
[Result "1-0"]
[WhiteElo "2508"]
[BlackElo "2320"]
[PlyCount "135"]
[EventDate "2022.08.13"]
[EventType "swiss"]
[EventRounds "9"]
[EventCountry "FRA"]
[SourceTitle "CBM 210 Extra"]
[Source "ChessBase"]
[SourceDate "2022.11.30"]
[SourceVersion "1"]
[SourceVersionDate "2022.11.30"]
[SourceQuality "1"]

1. e4 e6 2. d4 d5 3. e5 c5 4. c3 Nc6 5. Nf3 Nh6 6. Bxh6 gxh6 7. Be2 cxd4 8. cxd4 Bg7 9. 0-0 0-0 10. Nbd2 a5 11. a4 b6 12. Bb5 Nb4 13. Nb1 Bd7 14. Nc3 Rc8 15. Ra3 Kh8 16. Rb3 Rg8 17. g3 Nc6 18. Re1 h5 19. Kh1 f6 20. exf6 Bxf6 21. Bxc6 Rxc6 22. Ne5 Bxe5 23. Rxe5 h4 24. Ne2 Rc4 25. Rbe3 Rxa4 26. Nf4 Qf8 27. Rh5 hxg3 28. hxg3 Rc4 29. Rh4 Qf6 30. Re5 Be8 31. Rxe6 Qf5 32. Re5 Qc2 33. Qf3 Rc7 34. Ne6 Rf7 35. Rf4 Qg6 36. Qe3 Rf6 37. Kg2 Qh6 38. Ng5 Rxf4 39. Qxf4 Qg6 40. Qh4 Qg7 41. Ne6 Qf7 42. Nd8 Qg6 43. Qf4 Qg7 44. Ne6 Qf7 45. Qe3 Qf6 46. Nf4 Bf7 47. Re7 Rg5 48. Rb7 h5 49. Nd3 Bg8 50. Ne5 Rg7 51. Rb8 Qd6 52. Rc8 Qe6 53. Rc6 Qf5 54. Rxb6 Bh7 55. Rb8+ Rg8 56. Rxg8+ Kxg8 57. Qf3 Qe4 58. Qxe4 dxe4 59. d5 e3 60. d6 e2 61. d7 Be4+ 62. f3 e1Q 63. d8Q+ Kh7 64. Qe7+ Kg8 65. Qf7+ Kh8 66. Qxh5+ Bh7 67. Qe8+ Kg7 68. Qe7+ 1-0

[Event "Saint Affrique op 28th"]
[Site "Saint Affrique"]
[Date "2022.07.28"]
[Round "7"]
[White "Mariette, Lucas"]
[Black "Degraeve, Jean Marc"]
[Result "1-0"]
[WhiteElo "2295"]
[BlackElo "2519"]
[PlyCount "47"]
[EventDate "2022.07.23"]
[EventType "swiss"]
[EventRounds "9"]
[EventCountry "FRA"]
[SourceTitle "EXT 2023"]
[Source "ChessBase"]
[SourceDate "2022.10.05"]
[SourceVersion "1"]
[SourceVersionDate "2022.10.05"]
[SourceQuality "1"]

1. e4 c5 2. Nf3 Nc6 3. d4 cxd4 4. Nxd4 g6 5. Nc3 Bg7 6. Be3 Nf6 7. Bc4 0-0 8. Bb3 d6 9. h3 Na5 10. 0-0 b6 11. Re1 Bb7 12. Bg5 Nxb3 13. axb3 h6 14. Bh4 a6 15. Nd5 Nxd5 16. exd5 g5 17. Nf5 Qd7 18. Nxe7+ Kh7 19. Bxg5 Rae8 20. Ra4 f6 21. Qd3+ f5 22. Rh4 Rf6 23. Bxf6 Bxf6 24. Re6 1-0

[Event "Saint Affrique op 28th"]
[Site "Saint Affrique"]
[Date "2022.07.24"]
[Round "2"]
[White "Degraeve, Jean Marc"]
[Black "Rachez, Christophe"]
[Result "1-0"]
[WhiteElo "2519"]
[BlackElo "1889"]
[PlyCount "75"]
[EventDate "2022.07.23"]
[EventType "swiss"]
[EventRounds "9"]
[EventCountry "FRA"]
[SourceTitle "EXT 2023"]
[Source "ChessBase"]
[SourceDate "2022.10.05"]
[SourceVersion "1"]
[SourceVersionDate "2022.10.05"]
[SourceQuality "1"]

1. e4 c5 2. Nc3 Nc6 3. Bb5 g6 4. Bxc6 dxc6 5. d3 e5 6. f4 Bg7 7. fxe5 Bxe5 8. Nf3 Bg4 9. 0-0 Qd6 10. h3 Bd4+ 11. Kh1 h5 12. Ne2 Bxf3 13. Rxf3 Be5 14. Bf4 Rh7 15. Qd2 0-0-0 16. Raf1 Rd7 17. b3 f6 18. a4 b6 19. Nc3 Rdf7 20. Nd1 a6 21. Ne3 b5 22. Qa5 Ra7 23. Qe1 Rhg7 24. Qg3 Bxf4 25. Rxf4 Qe5 26. Qe1 Rgb7 27. R4f3 c4 28. axb5 axb5 29. bxc4 b4 30. c5 Qxc5 31. Qg3 Rg7 32. Nc4 Rad7 33. Ra1 Kb7 34. Rff1 Rd4 35. Ra5 Rxc4 36. Rxc5 Rxc5 37. Qd6 Rb5 38. Qf8 1-0

[Event "Vaujany op 13th"]
[Site "Vaujany"]
[Date "2022.07.16"]
[Round "3"]
[White "Degraeve, Jean Marc"]
[Black "Adrian, Claude"]
[Result "0-1"]
[WhiteElo "2519"]
[BlackElo "2174"]
[PlyCount "98"]
[EventDate "2022.07.14"]
[EventType "swiss"]
[EventRounds "9"]
[EventCountry "FRA"]
[SourceTitle "EXT 2023"]
[Source "ChessBase"]
[SourceDate "2022.10.05"]
[SourceVersion "1"]
[SourceVersionDate "2022.10.05"]
[SourceQuality "1"]

1. e4 e6 2. d4 d5 3. e5 c5 4. c3 Qb6 5. Nf3 Bd7 6. Bd3 cxd4 7. Nxd4 Nc6 8. Nxc6 bxc6 9. 0-0 f5 10. c4 Ne7 11. Nc3 Ng6 12. Qe2 Be7 13. Bd2 0-0 14. Kh1 d4 15. Na4 Qc7 16. f4 c5 17. b3 Bc6 18. h3 Qd7 19. Kh2 Bxa4 20. bxa4 Qxa4 21. g4 Rab8 22. gxf5 exf5 23. Bc1 Rb6 24. Rb1 Nh4 25. Rxb6 axb6 26. Rf2 Qc6 27. Qd1 Kh8 28. Qh1 Qxh1+ 29. Kxh1 Ra8 30. Kh2 Kg8 31. Kg3 Kf7 32. Rc2 Ke6 33. Kf2 h6 34. Rb2 Ra6 35. Re2 g5 36. Rb2 Ng6 37. Kf3 gxf4 38. Bxf4 Bg5 39. Bh2 Bc1 40. Rb1 Be3 41. Bg3 Nxe5+ 42. Bxe5 Kxe5 43. Be2 Bg5 44. Bd3 Ra3 45. Rb3 Rxa2 46. Rxb6 Bh4 47. Be2 Ra3+ 48. Kg2 d3 49. Bd1 Ra1 0-1

[Event "FRA-chT Top 16 GpB"]
[Site "Chartres"]
[Date "2022.06.11"]
[Round "3.1"]
[White "Domenech, Vianney"]
[Black "Degraeve, Jean Marc"]
[Result "0-1"]
[WhiteElo "2266"]
[BlackElo "2518"]
[PlyCount "100"]
[EventDate "2022.06.09"]
[EventType "team-tourn"]
[EventRounds "7"]
[EventCountry "FRA"]
[SourceTitle "CBM 208 Extra"]
[Source "ChessBase"]
[SourceDate "2022.07.31"]
[SourceVersion "1"]
[SourceVersionDate "2022.07.31"]
[SourceQuality "1"]
[WhiteTeam "Agen"]
[BlackTeam "Asnieres"]
[WhiteTeamCountry "FRA"]
[BlackTeamCountry "FRA"]

1. d4 Nf6 2. Bf4 d5 3. e3 e6 4. Nd2 Bd6 5. Bg3 0-0 6. Bd3 c5 7. c3 Qc7 8. dxc5 Qxc5 9. Ngf3 Nbd7 10. c4 dxc4 11. Nxc4 Bxg3 12. hxg3 Rd8 13. Rc1 Qe7 14. Qc2 h6 15. Rh4 b6 16. Nce5 Bb7 17. Nxd7 Rxd7 18. Rc4 Bd5 19. Rc8+ Rxc8 20. Qxc8+ Rd8 21. Qc3 Ne4 22. Bxe4 Bxe4 23. Kf1 Qb7 24. Qc7 Rd1+ 25. Ke2 Rxc1 26. Qxc1 Qa6+ 27. Ke1 Qxa2 28. Nd2 Bd3 29. f3 Qd5 30. Kf2 Ba6 31. g4 Qd3 32. Ne4 Bb7 33. Ng3 a5 34. Ne2 Ba6 35. Nf4 Qc4 36. Qd2 Qc7 37. Nh5 f6 38. Nf4 Bc8 39. Qd3 e5 40. Nd5 Qd6 41. Qg6 Bd7 42. e4 Bc6 43. g5 hxg5 44. Kg3 Bxd5 45. exd5 Kf8 46. Qe4 Qb4 47. Qxb4+ axb4 48. Kf2 Ke7 49. Ke3 Kd6 50. Ke4 g6 0-1

[Event "FRA-chT Top 12"]
[Site "Chalons en Champagne"]
[Date "2021.07.04"]
[Round "11.4"]
[White "Degraeve, Jean Marc"]
[Black "Kosteniuk, Alexandra"]
[Result "1/2-1/2"]
[WhiteElo "2527"]
[BlackElo "2472"]
[PlyCount "48"]
[EventDate "2021.06.24"]
[EventType "team-tourn"]
[EventRounds "11"]
[EventCountry "FRA"]
[SourceTitle "CBM 203 Extra"]
[Source "ChessBase"]
[SourceDate "2021.09.30"]
[SourceVersion "1"]
[SourceVersionDate "2021.09.30"]
[SourceQuality "1"]
[WhiteTeam "Asnieres"]
[BlackTeam "Clichy Echecs 92"]
[WhiteTeamCountry "FRA"]
[BlackTeamCountry "FRA"]

1. e4 e5 2. Nf3 Nc6 3. Nc3 Nf6 4. Bb5 Nd4 5. 0-0 c6 6. Bd3 Nxf3+ 7. Qxf3 d6 8. Be2 g5 9. Rd1 Rg8 10. d4 exd4 11. Rxd4 Ng4 12. a4 Bg7 13. Rd1 Be5 14. g3 Rg6 15. Qd3 Qf6 16. f3 Nxh2 17. Kxh2 Rh6+ 18. Kg2 Rh2+ 19. Kxh2 Qh6+ 20. Kg2 Qh3+ 21. Kf2 Qxg3+ 22. Ke3 Qf4+ 23. Kf2 Qg3+ 24. Ke3 Bf6 1/2-1/2